Seleções há mais tempo sem participar da Copa do Mundo da FIFA - Statistics

Estatísticas Gerais
  • Esse quiz foi jogado 44 vezes
  • A pontuação média é 39 de 47
Estatísticas das Respostas
Última participação Seleção % Correto
Brasil 2014 Itália
97%
Brasil 2014 Chile
95%
Coreia do Sul e Japão 2002 China
95%
África do Sul 2010 Eslováquia
95%
Coreia do Sul e Japão 2002 Turquia
95%
Espanha 1982 El Salvador
92%
África do Sul 2010 Eslovênia
92%
Brasil 2014 Grécia
92%
Alemanha 2006 Angola
89%
Estados Unidos 1994 Bolívia
89%
África do Sul 2010 Coreia do Norte
89%
México 1986 Hungria
89%
Rússia 2018 Peru
89%
França 1998 Bulgária
86%
Coreia do Sul e Japão 2002 Irlanda
86%
México 1970 Israel
86%
França 1998 Noruega
86%
África do Sul 2010 Nova Zelândia
86%
França 1998 Romênia
86%
Alemanha 2006 Ucrânia
86%
França 1998 Áustria
84%
Brasil 2014 Bósnia e Herzegovina
84%
Brasil 2014 Costa do Marfim
84%
França 1998 Escócia
84%
Alemanha Ocidental 1974 Haiti
84%
Brasil 2014 Honduras
84%
França 1998 Jamaica
84%
Rússia 2018 Rússia
84%
Rússia 2018 Suécia
84%
Alemanha Ocidental 1974 Zaire (República Democrática do Congo)
84%
África do Sul 2010 África do Sul
81%
França 1938 Cuba
81%
Itália 1990 Emirados Árabes Unidos
81%
México 1986 Iraque
81%
África do Sul 2010 Paraguai
81%
Alemanha 2006 República Tcheca
81%
Alemanha 2006 Togo
81%
Brasil 2014 Argélia
78%
França 1938 Índias Orientais Neerlandesas (Indonésia)
78%
México 1986 Irlanda do Norte
76%
Rússia 2018 Islândia
76%
Rússia 2018 Nigéria
73%
Rússia 2018 Colômbia
70%
Rússia 2018 Panamá
70%
Rússia 2018 Egito
65%
Espanha 1982 Kuwait
65%
Alemanha 2006 Trinidad e Tobago
65%
Nenhum quiz correspondente encontrado
Distribuição das Pontuações
Porcentagem de Pessoas com Cada Pontuação
Percentil de Números Respondidos
Sua Pontuação Histórica
Você não jogou esse quiz